Statistics for books by final line

Click here to take the quiz!

General Stats

  • This quiz has been taken 375 times
  • The average score is 3 of 15

Answer Stats

HintAnswer% Correct
'He had won the victory over himself. He loved Big Brother.'Nineteen Eighty-Four
95%
'He would be there all night, and he would be there when Jem waked up in the morning.'To Kill a Mockingbird
50%
'The old man was dreaming about the lions.'The Old Man and the Sea
46%
'So we beat on, boats against the current, borne back ceaselessly into the past.'The Great Gatsby
32%
'He sprang from the cabin window as he said this, upon the ice raft which lay close to the vessel. He was soon borne away by the waves and lost in darkness and distance.'Frankenstein
24%
'I think of Dean Moriarty, I even think of Old Dean Moriarty the father we never found, I think of Dean Moriarty.'On the Road
20%
'He was withered, wrinkled, and loathsome of visage. It was not till they had examined the rings that they recognized who it was.'The Picture of Dorian Gray
14%
'And this is the only immortality you and I may share, my ____.'Lolita
12%
'I had only to wish that there be a large crowd of spectators the day of my execution and that they greet me with cries of hate.'The Stranger
9%
'silence lay steadily against the wood and stone of ______, and whatever walked there, walked alone.'The Haunting of Hill House
6%
'".... but my life now, my whole life, regardless of all that may happen to me, every minute of it, is not only not meaningless, as it was before, but has the unquestionable meaning of the good which it is in my power to put into it!"'Anna Karenina
5%
'no one will trouble the professor until the next full moon: Neither the noseless murderer of the Gestas, nor the cruel fifth procurator of Judea, the knight Pontius Pilate.'The Master and Margarita
5%
'And the ashes blew towards us with the salt wind from the sea.'Rebecca
4%
'The eyes and the faces all turned themselves towards me, and guiding myself by them, as by a magical thread, I stepped into the room.'The Bell Jar
3%
'In the morning it was morning and I was still alive. Maybe I'll write a novel, I thought. And then I did.'Post Office
2%

Score Distribution

Percentile by Number Answered

Percent of People with Each Score

Your Score History

You have not taken this quiz